[Event "Maritime op"]
[Site "Fredericton CAN"]
[Date "1996.08.03"]
[Round "3"]
[White "Burgess, Brian"]
[Black "Guignard, Michael"]
[Result "0-1"]
[WhiteElo "1872"]
[BlackElo "1907"]
[PlyCount "140"]
[EventDate "1996.08.03"]
[EventType "swiss"]
[EventRounds "5"]
[EventCountry "CAN"]

1. Nc3 Nf6 2. e4 d5 3. exd5 Nxd5 4. d4 Nxc3 5. bxc3 e6 6. Nf3 b6 7. Bd3 Bb7 8.
Qe2 Nd7 9. Be4 Bxe4 10. Qxe4 Be7 11. h4 O-O 12. Bg5 Rc8 13. Kf1 h6 14. g3 Nf6
15. Bxf6 Bxf6 16. Ne5 Bxe5 17. Qxe5 c5 18. Rc1 Qd5 19. Qxd5 exd5 20. Ke2 cxd4
21. cxd4 Rc3 22. Rhd1 Rfc8 23. Rd2 R8c4 24. Kd1 Ra3 25. Ra1 Raa4 26. Kc1 f6 27.
Rd3 Rxd4 28. Rxd4 Rxd4 29. Rb1 Re4 30. Rb3 Kf7 31. Ra3 Re7 32. Kd2 Ke6 33. Kd3
Rc7 34. Ra4 Kd6 35. Rg4 b5 36. Rb4 Kc5 37. a3 a5 38. Rg4 Re7 39. h5 Rc7 40. c3
Kd6 41. f3 Re7 42. Kd4 Rb7 43. Kd3 Rc7 44. Rg6 Ke6 45. Rg4 a4 46. Rb4 Rc5 47.
Rg4 Kf7 48. Rb4 d4 49. Rxd4 Rxh5 50. Rb4 Rd5+ 51. Ke3 Ke6 52. c4 bxc4 53. Rxc4
Ra5 54. Kd4 Kd6 55. Kc3 Kd5 56. Kb4 Ra7 57. Rh4 g5 58. Rxh6 Rb7+ 59. Kxa4 Kc4
60. Ka5 Rb5+ 61. Ka6 Rf5 62. Kb6 Kb3 63. Rh1 Rxf3 64. Rg1 g4 65. Kc5 Kxa3 66.
Kd4 Kb3 67. Ke4 Kc3 68. Kd5 Kd3 69. Ke6 Ke3 70. Kf7 Kf2 0-1

[Event "Maritime op"]
[Site "Fredericton CAN"]
[Date "1996.08.04"]
[Round "4"]
[White "Guignard, Michael"]
[Black "Gulati, Justin"]
[Result "1/2-1/2"]
[WhiteElo "1907"]
[BlackElo "1993"]
[PlyCount "74"]
[EventDate "1996.08.03"]
[EventType "swiss"]
[EventRounds "5"]
[EventCountry "CAN"]

1. Nf3 d5 2. g3 c5 3. Bg2 Nc6 4. O-O e5 5. d3 f6 6. Nbd2 Be6 7. c4 d4 8. a3 Qd7
9. Re1 Nge7 10. Rb1 Ng6 11. Qa4 a5 12. Nb3 Be7 13. Qb5 Qd6 14. Nfd2 f5 15. Nxa5
Rxa5 16. Bxc6+ Qxc6 17. Qxa5 Bd7 18. b4 b6 19. b5 Qe6 20. Qa8+ Kf7 21. Qd5 h5
22. Qxe6+ Bxe6 23. Nf3 e4 24. Ng5+ Bxg5 25. Bxg5 Ne5 26. Bf4 Kf6 27. Bxe5+ Kxe5
28. f4+ Kd6 29. h4 e3 30. a4 Ra8 31. a5 bxa5 32. Rb2 Bd7 33. Ra1 Kc7 34. b6+
Kb7 35. Kf1 Kc6 36. Ke1 a4 37. Kd1 Ra5 1/2-1/2

[Event "Maritime op"]
[Site "Fredericton CAN"]
[Date "1996.08.04"]
[Round "5"]
[White "Mayo, Alvah"]
[Black "Guignard, Michael"]
[Result "0-1"]
[WhiteElo "2052"]
[BlackElo "1907"]
[PlyCount "80"]
[EventDate "1996.08.03"]
[EventType "swiss"]
[EventRounds "5"]
[EventCountry "CAN"]

1. e4 e6 2. Qe2 c5 3. f4 Nf6 4. Nc3 Nc6 5. Nf3 d5 6. d3 d4 7. Nd1 b6 8. g3 Ba6
9. Bg2 Rc8 10. O-O Be7 11. Nf2 c4 12. g4 cxd3 13. cxd3 Nb4 14. Ne1 O-O 15. g5
Ne8 16. a3 Nc6 17. h4 Rc7 18. Ng4 Na5 19. Qd1 h5 20. gxh6 Bxh4 21. hxg7 Nxg7
22. Nf3 f5 23. Nge5 fxe4 24. Nxh4 Qxh4 25. Ng6 Qg3 26. Nxf8 Bxd3 27. Nxe6 Nxe6
28. f5 Rc2 29. Qxc2 Bxc2 30. fxe6 Qe5 31. b4 Nb3 32. Ra2 d3 33. Bf4 Qxe6 34.
Re1 Nd4 35. Rxc2 dxc2 36. Rxe4 Qc4 37. Bc1 Qd3 38. Rg4+ Kf7 39. Bd5+ Kf6 40.
Rf4+ Ke5 0-1

[Event "Maritime op"]
[Site "Fredericton CAN"]
[Date "1996.08.04"]
[Round "5"]
[White "Saunders, Stephen"]
[Black "Urquhart, Eddie"]
[Result "1-0"]
[WhiteElo "1896"]
[BlackElo "2169"]
[PlyCount "182"]
[EventDate "1996.08.03"]
[EventType "swiss"]
[EventRounds "5"]
[EventCountry "CAN"]

1. d4 Nf6 2. c4 g6 3. Nc3 c5 4. d5 d6 5. e4 b5 6. cxb5 a6 7. f3 Bg7 8. Be3 O-O
9. a4 Qa5 10. Qd2 Nbd7 11. Nge2 Ne5 12. Nc1 c4 13. f4 Neg4 14. Bxc4 Nxe3 15.
Qxe3 Nxe4 16. N1e2 Nxc3 17. bxc3 axb5 18. Bxb5 Bb7 19. Rd1 Ba6 20. Rb1 Rab8 21.
Qd3 Qxa4 22. c4 Bxb5 23. cxb5 Qa5+ 24. Kf2 Rb6 25. Rb3 Qa7 26. Kg3 Rfb8 27.
Rhb1 Qd7 28. h3 Ra8 29. Nd4 Bxd4 30. Qxd4 Rab8 31. Qd3 e5 32. dxe6 fxe6 33. Rd1
d5 34. Rdb1 Qd6 35. h4 R8b7 36. Rb4 Rc7 37. Kf3 Qc5 38. g3 Qc3 39. R4b3 Qxd3+
40. Rxd3 Kf7 41. Ra3 Ke7 42. Ke3 Kd6 43. Kd3 Rcb7 44. Rab3 Ra7 45. Kd4 h6 46.
Rb4 g5 47. hxg5 hxg5 48. R1b3 gxf4 49. gxf4 Rh7 50. Rb1 Rh4 51. Ke3 Kc5 52.
R4b2 Rh3+ 53. Ke2 Rh2+ 54. Kd3 Rxb2 55. Rxb2 Rxb5 56. Rc2+ Kd6 57. Rc8 Rb4 58.
Ke3 Ke7 59. Ra8 Re4+ 60. Kf3 Kd6 61. Ra6+ Kc5 62. Ra5+ Kb4 63. Ra8 Kb3 64. Ra6
Kb4 65. Ra8 Re1 66. Kf2 Re4 67. Kf3 Kc3 68. Ra3+ Kb4 69. Ra6 e5 70. fxe5 Rxe5
71. Kf4 Re8 72. Rd6 Kc4 73. Rc6+ Kd3 74. Rd6 d4 75. Kf3 Rf8+ 76. Kg2 Ke3 77.
Re6+ Kd2 78. Rd6 d3 79. Kg3 Ke2 80. Re6+ Kd1 81. Re7 d2 82. Rc7 Rd8 83. Kf2
Rf8+ 84. Kg2 Rf6 85. Rc8 Rf4 86. Kg3 Rb4 87. Kf2 Rb2 88. Ke3 Rc2 89. Ra8 Ke1
90. Rh8 Rc3+ 91. Kd4 d1=Q+ 1-0

[Event "Maritime-ch U20"]
[Site "Halifax CAN"]
[Date "1996.11.09"]
[Round "2"]
[White "Davies, Cedric"]
[Black "Fraser, Alex"]
[Result "1-0"]
[WhiteElo "1747"]
[BlackElo "1612"]
[PlyCount "49"]
[EventDate "1996.11.09"]
[EventType "tourn"]
[EventRounds "4"]
[EventCountry "CAN"]

1. e4 e6 2. d4 d5 3. e5 c5 4. c3 Nc6 5. Nf3 Qb6 6. Bd3 Bd7 7. dxc5 Bxc5 8. O-O
f6 9. b4 Be7 10. Bf4 a6 11. Nbd2 fxe5 12. Nxe5 Nf6 13. Ndf3 Nxe5 14. Bxe5 Bb5
15. Bd4 Qc7 16. Re1 Bxd3 17. Qxd3 Nh5 18. Qe3 Qd7 19. Qxe6 Qxe6 20. Rxe6 Nf4
21. Re3 Kd7 22. Rae1 Rae8 23. g3 Nh5 24. Ne5+ Kc8 25. Nf7 1-0

[Event "Maritime-ch U20"]
[Site "Halifax CAN"]
[Date "1996.11.10"]
[Round "3"]
[White "Gulati, Justin"]
[Black "Frenette, Franco"]
[Result "1-0"]
[WhiteElo "2004"]
[BlackElo "1748"]
[PlyCount "83"]
[EventDate "1996.11.09"]
[EventType "tourn"]
[EventRounds "4"]
[EventCountry "CAN"]

1. e4 e5 2. Nf3 Nc6 3. Bb5 a6 4. Ba4 Nf6 5. O-O Be7 6. Re1 b5 7. Bb3 d6 8. h3
Na5 9. d4 Nxb3 10. axb3 exd4 11. Nxd4 O-O 12. Nxb5 Bxh3 13. Nxc7 Qxc7 14. gxh3
Nd7 15. Nc3 Bf6 16. Nd5 Qd8 17. Nxf6+ Qxf6 18. Re3 Qg6+ 19. Rg3 Qe6 20. Qd4 f6
21. Bh6 Rf7 22. Rd1 Nc5 23. f3 Nb7 24. Qd5 Qxd5 25. Rxd5 Rc8 26. Rg2 Rc5 27.
Rxc5 dxc5 28. Be3 Rd7 29. Rd2 Rxd2 30. Bxd2 Kf7 31. Kf2 Ke6 32. Ke3 Nd6 33. f4
Nb5 34. Kd3 h5 35. Be3 Nd4 36. Bxd4 cxd4 37. Kxd4 g5 38. Ke3 Kd6 39. e5+ fxe5
40. fxg5 Ke7 41. Ke4 Ke6 42. c4 1-0

[Event "Maritime-ch U20"]
[Site "Halifax CAN"]
[Date "1996.11.10"]
[Round "4"]
[White "Gulati, Justin"]
[Black "Fraser, Alex"]
[Result "0-1"]
[WhiteElo "2004"]
[BlackElo "1612"]
[PlyCount "114"]
[EventDate "1996.11.09"]
[EventType "tourn"]
[EventRounds "4"]
[EventCountry "CAN"]

1. e4 e5 2. Bc4 Nc6 3. Nc3 Nf6 4. d3 h6 5. f4 d6 6. f5 Be7 7. a3 Nd4 8. Nf3
Nxf5 9. exf5 Bxf5 10. O-O Qd7 11. Nd5 O-O-O 12. Nxe5 dxe5 13. Nxe7+ Qxe7 14.
Rxf5 Qc5+ 15. Kh1 Qxc4 16. Qe2 Qc6 17. Rxe5 Rde8 18. Bf4 Rxe5 19. Qxe5 Re8 20.
Qa5 Re2 21. Rg1 Rxc2 22. Qxa7 b6 23. Qa6+ Kb8 24. d4 Ne4 25. Be3 Rxb2 26. Rc1
Qb5 27. Qxb5 Rxb5 28. Bf4 Nd6 29. h3 Ra5 30. Bxd6 cxd6 31. Rc6 Rxa3 32. d5 Ra1+
33. Kh2 Rb1 34. Rxd6 Kc7 35. Rc6+ Kd7 36. Kg3 b5 37. Kf4 b4 38. Rb6 b3 39. Ke4
b2 40. Kd3 Rd1+ 41. Kc2 b1=Q+ 42. Rxb1 Rxb1 43. Kxb1 Kd6 44. Kc2 Kxd5 45. Kd3
f5 46. Ke3 g5 47. g3 Kc4 48. h4 Kc3 49. g4 f4+ 50. Ke4 Kd2 51. h5 Ke2 52. Kf5
Kf3 53. Kg6 Kxg4 54. Kxh6 f3 55. Kg6 f2 56. h6 f1=Q 57. Kg7 Qh1 0-1

[Event "Match"]
[Site "Winnipeg CAN"]
[Date "1996.??.??"]
[Round "3"]
[White "Yoos, John"]
[Black "Langner, David"]
[Result "1-0"]
[WhiteElo "2450"]
[BlackElo "2169"]
[PlyCount "59"]
[EventDate "1996.??.??"]
[EventType "match"]
[EventRounds "3"]
[EventCountry "CAN"]

1. e4 c5 2. Nf3 Nc6 3. d4 cxd4 4. Nxd4 e5 5. Nb5 d6 6. c4 Be7 7. N1c3 a6 8. Na3
Be6 9. Be2 Nd4 10. O-O Nf6 11. Be3 Nxe2+ 12. Qxe2 O-O 13. Rfd1 Rc8 14. Rac1 Qa5
15. Bg5 Rfd8 16. Bxf6 Bxf6 17. Nd5 Bg5 18. Rc3 Bxd5 19. Rxd5 Rc5 20. Rcd3 Rxd5
21. Rxd5 Qb4 22. Rd3 Bc1 23. Rb3 Qa5 24. g3 Rd7 25. Qg4 Rd8 26. Rxb7 Bxb2 27.
Qf3 f5 28. Rxb2 fxe4 29. Qb3 Kh8 30. Qb4 1-0

[Event "Mauricie ferme"]
[Site "Trois-Rivieres CAN"]
[Date "1996.11.23"]
[Round "2"]
[White "Pare, Jean-Francois"]
[Black "Desrosiers, Alain"]
[Result "1-0"]
[WhiteElo "1651"]
[BlackElo "2073"]
[PlyCount "80"]
[EventDate "1996.11.22"]
[EventType "swiss"]
[EventRounds "5"]
[EventCountry "CAN"]

1. d4 d6 2. e4 Nf6 3. Nc3 g6 4. f4 Bg7 5. Nf3 O-O 6. Bd3 Na6 7. O-O c5 8. dxc5
Nxc5 9. Qe1 d5 10. e5 Ne8 11. Qh4 Nxd3 12. cxd3 Bf5 13. d4 e6 14. Qf2 Rc8 15.
h3 Qb6 16. g4 Be4 17. Ng5 f5 18. Ncxe4 fxe4 19. b3 h6 20. Ba3 hxg5 21. Bxf8
Bxf8 22. fxg5 Bg7 23. Qf7+ Kh7 24. Rad1 Qc6 25. Rc1 Qxc1 26. Rxc1 Rxc1+ 27. Kf2
Rc2+ 28. Ke1 Nc7 29. h4 Nb5 30. h5 gxh5 31. Qxh5+ Kg8 32. Qe8+ Kh7 33. Qxb5
Rxa2 34. Qxb7 Kg6 35. Qc6 Ra1+ 36. Ke2 Ra2+ 37. Ke3 Kxg5 38. Qxe6 Rb2 39. Qxd5
Kxg4 40. Qd7+ Kh4 1-0

[Event "Mauricie ferme"]
[Site "Trois-Rivieres CAN"]
[Date "1996.11.24"]
[Round "4"]
[White "Pichette, Mickaelin"]
[Black "Keep, Richard"]
[Result "1-0"]
[WhiteElo "1761"]
[BlackElo "1638"]
[PlyCount "69"]
[EventDate "1996.11.22"]
[EventType "swiss"]
[EventRounds "5"]
[EventCountry "CAN"]

1. e4 c6 2. Nf3 d5 3. Nc3 dxe4 4. Nxe4 Bf5 5. Ng3 Bg6 6. h4 h6 7. h5 Bh7 8. d4
Nd7 9. Bd3 Bxd3 10. Qxd3 e6 11. Bf4 Ngf6 12. O-O Nd5 13. Be5 Nxe5 14. Nxe5 Bd6
15. f4 Qc7 16. c4 Nf6 17. Ne4 Nxe4 18. Qxe4 Bxe5 19. fxe5 O-O 20. Qg4 Kh8 21.
Rf3 Rad8 22. Raf1 Rd7 23. Rg3 Rg8 24. Rf6 Qd8 25. Qf4 Qf8 26. Rgg6 Kh7 27. Qe4
gxf6 28. Rxf6+ Kh8 29. Qf4 Rg7 30. Rxh6+ Kg8 31. Rf6 Kh8 32. h6 Rh7 33. Rxe6
Qd8 34. Qf6+ Qxf6 35. Re8# 1-0

[Event "Mauricie ferme"]
[Site "Trois-Rivieres CAN"]
[Date "1996.11.24"]
[Round "5"]
[White "Mercure, Gilbert"]
[Black "Boulanger, Michel"]
[Result "1/2-1/2"]
[WhiteElo "1535"]
[BlackElo "1378"]
[PlyCount "58"]
[EventDate "1996.11.22"]
[EventType "swiss"]
[EventRounds "5"]
[EventCountry "CAN"]

1. e4 c5 2. Nf3 e6 3. d4 cxd4 4. c3 dxc3 5. Nxc3 d6 6. Bc4 Nc6 7. O-O Be7 8.
Qe2 Bd7 9. Rd1 a6 10. Be3 b5 11. Bb3 Nf6 12. Rac1 O-O 13. h3 Na5 14. Bc2 Nc4
15. Bg5 Nxb2 16. Bxf6 Bxf6 17. e5 Nxd1 18. exf6 Nxc3 19. Bxh7+ Kxh7 20. Ng5+
Kh6 21. Rxc3 Kxg5 22. fxg7 Rg8 23. Qg4+ Kf6 24. Qh4+ Kxg7 25. Rg3+ Kf8 26. Qh6+
Ke7 27. Qh4+ Kf8 28. Qh6+ Ke7 29. Qh4+ Kf8 1/2-1/2

[Event "Mauricie op"]
[Site "Trois-Rivieres CAN"]
[Date "1996.03.17"]
[Round "4"]
[White "Prahov, Valentin"]
[Black "Boudreau, Daniel"]
[Result "1-0"]
[WhiteElo "2144"]
[BlackElo "1992"]
[PlyCount "85"]
[EventDate "1996.03.15"]
[EventType "swiss"]
[EventRounds "5"]
[EventCountry "CAN"]

1. e4 c5 2. Nf3 Nc6 3. d4 cxd4 4. Nxd4 e6 5. Nc3 a6 6. a3 Nge7 7. Be3 Nxd4 8.
Qxd4 b5 9. Be2 Nc6 10. Qd2 Qc7 11. Bf4 Ne5 12. O-O Be7 13. Rad1 O-O 14. Bg3 f6
15. Nd5 Qd8 16. Nxe7+ Qxe7 17. Bxe5 fxe5 18. Qd6 Qxd6 19. Rxd6 Rf7 20. Rfd1 Ra7
21. c4 Rb7 22. Rxa6 bxc4 23. Ra8 Rf8 24. Bxc4 Rxb2 25. f3 Rc2 26. Bf1 Rc7 27.
Ra5 Kf7 28. Rxe5 Bb7 29. a4 d5 30. exd5 Bxd5 31. a5 Bc4 32. Rc1 Rfc8 33. a6
Bxf1 34. Rxc7+ Rxc7 35. Kxf1 Ra7 36. Ra5 Kf6 37. Ke2 e5 38. Kd3 Kf5 39. Kc4 g5
40. Kb5 h5 41. Kb6 Ra8 42. a7 g4 43. Kb7 1-0

[Event "Mauricie op"]
[Site "Trois-Rivieres CAN"]
[Date "1996.03.17"]
[Round "5"]
[White "Teuton, Frank"]
[Black "Leveille, Francois"]
[Result "0-1"]
[WhiteElo "2169"]
[BlackElo "2351"]
[PlyCount "124"]
[EventDate "1996.03.15"]
[EventType "swiss"]
[EventRounds "5"]
[EventCountry "CAN"]

1. e4 e5 2. Nc3 Nc6 3. g3 Bc5 4. Bg2 d6 5. Na4 Be6 6. d3 Qd7 7. Nxc5 dxc5 8. f4
exf4 9. gxf4 f5 10. Be3 b6 11. Nf3 Nge7 12. Qe2 O-O-O 13. O-O h6 14. a3 Ng6 15.
exf5 Bxf5 16. d4 Qe6 17. dxc5 Nb8 18. Rae1 Rhe8 19. cxb6 axb6 20. Qb5 Bh3 21.
Ng5 hxg5 22. f5 Qd6 23. Bxh3 g4 24. Bxg4 Re4 25. Bh3 Rh8 26. fxg6+ Rxh3 27.
Qf5+ Qe6 28. Qxe6+ Rxe6 29. Bf4 Rxg6+ 30. Bg3 Rc6 31. Rf8+ Kb7 32. Ree8 Na6 33.
b4 Rh5 34. a4 b5 35. Bf2 Rxc2 36. Ra8 Nxb4 37. Ra7+ Kc6 38. a5 Rd5 39. Rf7 Rd7
40. Rf3 Rd1+ 41. Kg2 Nd3 42. Kg3 Nxf2 43. Rxf2 Rxf2 44. Kxf2 b4 45. a6 Rd2+ 46.
Kg3 Kb6 47. Rb7+ Kxa6 48. Rxb4 c5 49. Rb8 Rd7 50. Kg4 Ka5 51. Kg5 c4 52. Kg6 c3
53. Rc8 Kb4 54. h4 Kb3 55. Rb8+ Ka3 56. Rc8 Kb2 57. Rb8+ Kc1 58. Rg8 c2 59.
Rxg7 Rxg7+ 60. Kxg7 Kb2 61. h5 c1=Q 62. h6 Qg5+ 0-1

[Event "Medicine Hat op"]
[Site "Medicine Hat CAN"]
[Date "1996.09.14"]
[Round "2"]
[White "Taylor, William"]
[Black "Wong, Ford"]
[Result "1-0"]
[WhiteElo "1962"]
[BlackElo "2005"]
[PlyCount "71"]
[EventDate "1996.09.14"]
[EventType "swiss"]
[EventRounds "5"]
[EventCountry "CAN"]

1. f4 Nf6 2. Nf3 b6 3. e3 Bb7 4. Be2 e6 5. b3 Be7 6. c4 d5 7. Bb2 Nbd7 8. cxd5
exd5 9. O-O O-O 10. Ne5 Bc5 11. d4 Bd6 12. Nd2 Ne4 13. Nxe4 dxe4 14. Bc4 Nf6
15. f5 c5 16. Qe2 Qc7 17. g4 cxd4 18. exd4 Bxe5 19. dxe5 Qc5+ 20. Kg2 e3+ 21.
Kh3 Ne4 22. Rac1 Qa5 23. Qxe3 Qxa2 24. Rc2 Qa5 25. Ra1 Qc5 26. Bxf7+ Rxf7 27.
Rxc5 Nxc5 28. Rd1 h6 29. Rd6 Ne4 30. Rd4 Ng5+ 31. Kg3 Rc8 32. h4 Rc2 33. hxg5
Rg2+ 34. Kh4 hxg5+ 35. Kxg5 Rxb2 36. e6 1-0

[Event "Memories of Fischer"]
[Site "Edmonton CAN"]
[Date "1996.05.23"]
[Round "1"]
[White "Miller, Brian"]
[Black "Ottosen, David"]
[Result "0-1"]
[WhiteElo "1664"]
[BlackElo "1927"]
[PlyCount "142"]
[EventDate "1996.05.23"]
[EventType "swiss"]
[EventRounds "5"]
[EventCountry "CAN"]

1. e4 c5 2. Nf3 d6 3. Be2 g6 4. d4 cxd4 5. Nxd4 Bg7 6. Be3 Nf6 7. Nc3 O-O 8. f3
Nc6 9. Qd2 Bd7 10. O-O-O Rc8 11. h4 h5 12. Kb1 Ne5 13. Bh6 Bxh6 14. Qxh6 Rxc3
15. bxc3 Qa5 16. Qd2 Rc8 17. c4 Qa4 18. Nb3 Nxc4 19. Bxc4 Rxc4 20. Qa5 Qxa5 21.
Nxa5 Ra4 22. Nb3 Be6 23. Rd3 Bc4 24. Rd2 a5 25. Rg1 Rb4 26. Ka1 d5 27. exd5
Nxd5 28. Nxa5 Bxa2 29. Kxa2 Ra4+ 30. Kb3 Rxa5 31. Rgd1 e6 32. Rd4 Rb5+ 33. Ka3
Rc5 34. R1d2 b5 35. Kb3 Kg7 36. c4 bxc4+ 37. Rxc4 Rb5+ 38. Ka4 Rb1 39. Ka3 Kf6
40. Rb2 Rg1 41. Re2 Kf5 42. Kb3 Nf4 43. Rc5+ Kf6 44. Rd2 Rxg2 45. Rxg2 Nxg2 46.
Rc4 Kf5 47. Re4 f6 48. Kc3 g5 49. hxg5 fxg5 50. Kd3 e5 51. Ra4 h4 52. Ke2 Nf4+
53. Kf1 Ne6 54. Kg1 Nd4 55. Kg2 Kf4 56. Kf2 h3 57. Rc4 h2 58. Kg2 h1=Q+ 59.
Kxh1 Kxf3 60. Rc3+ Kf2 61. Rd3 g4 62. Rd2+ Ne2 63. Rd8 Ng3+ 64. Kh2 Ne2 65. Rg8
g3+ 66. Kh1 Nf4 67. Rg4 Kf3 68. Rg7 e4 69. Kg1 e3 70. Kf1 e2+ 71. Ke1 Ng2+ 0-1

[Event "Memories of Fischer"]
[Site "Edmonton CAN"]
[Date "1996.05.30"]
[Round "2"]
[White "Ottosen, David"]
[Black "Vandenberg, Jan"]
[Result "1-0"]
[WhiteElo "1927"]
[BlackElo "1694"]
[PlyCount "55"]
[EventDate "1996.05.23"]
[EventType "swiss"]
[EventRounds "5"]
[EventCountry "CAN"]

1. e4 c5 2. Nc3 e5 3. Bc4 Nf6 4. f4 d6 5. Nf3 Bg4 6. fxe5 dxe5 7. Bxf7+ Kxf7 8.
Nxe5+ Kg8 9. Nxg4 Qd4 10. Nxf6+ Qxf6 11. Qf3 Nd7 12. O-O Bd6 13. Nd5 Qd4+ 14.
Qe3 Qe5 15. g3 c4 16. Qe2 Re8 17. Qxc4 Bc5+ 18. Ne3+ Re6 19. d3 b5 20. Qb3 a5
21. Rf5 Qd6 22. Kg2 h5 23. Nd5 a4 24. Qxb5 h4 25. Bf4 Qa6 26. Qxd7 h3+ 27. Kf3
Qc6 28. Qf7+ 1-0

[Event "Memories of Fischer"]
[Site "Edmonton CAN"]
[Date "1996.06.06"]
[Round "3"]
[White "Dartana, Christiaan"]
[Black "Ottosen, David"]
[Result "0-1"]
[WhiteElo "1983"]
[BlackElo "1927"]
[PlyCount "82"]
[EventDate "1996.05.23"]
[EventType "swiss"]
[EventRounds "5"]
[EventCountry "CAN"]

1. Nf3 g6 2. g3 Bg7 3. Bg2 Nf6 4. d3 O-O 5. O-O d6 6. Nbd2 e5 7. e4 Nc6 8. c3
Nd7 9. b4 f5 10. exf5 gxf5 11. Nh4 Ne7 12. f4 exf4 13. Rxf4 Ne5 14. d4 Nd3 15.
Rf1 c6 16. Ndf3 Nxc1 17. Rxc1 Nd5 18. Qd3 f4 19. Nd2 Ne3 20. Be4 Nxf1 21. Bxh7+
Kh8 22. Rxf1 Rf6 23. Ne4 Rh6 24. Bf5 Rxh4 25. gxh4 Bxf5 26. Rxf4 Qd7 27. Qf3
Bxe4 28. Rxe4 Rf8 29. Rf4 Rxf4 30. Qxf4 Qe7 31. Kf2 Qf6 32. Kf3 Kh7 33. Kg4
Qxf4+ 34. Kxf4 Kg6 35. Kg4 Bh6 36. c4 d5 37. cxd5 cxd5 38. a4 Be3 39. b5 Bxd4
40. Kf4 Kh5 41. Kf5 Be3 0-1

[Event "Memories of Fischer"]
[Site "Edmonton CAN"]
[Date "1996.06.13"]
[Round "4"]
[White "Heagle, George"]
[Black "Ottosen, David"]
[Result "0-1"]
[WhiteElo "1721"]
[BlackElo "1927"]
[PlyCount "82"]
[EventDate "1996.05.23"]
[EventType "swiss"]
[EventRounds "5"]
[EventCountry "CAN"]

1. e4 c5 2. Nf3 Nc6 3. d4 cxd4 4. Nxd4 Nf6 5. Nc3 e5 6. Ndb5 d6 7. Na3 a6 8.
Nc4 b5 9. Ne3 b4 10. Ncd5 Nxe4 11. Bd3 Nc5 12. Bd2 Nxd3+ 13. cxd3 a5 14. Nc4
Be6 15. Ndb6 Rb8 16. Be3 d5 17. Nxa5 Rxb6 18. Bxb6 Qxb6 19. Nxc6 Qxc6 20. Rc1
Qb5 21. d4 Bd6 22. f3 O-O 23. Kf2 Ra8 24. Qc2 Rxa2 25. dxe5 b3 26. Qc3 Qb6+ 27.
Kg3 d4 28. Qe1 Bf8 29. Qd2 f6 30. f4 fxe5 31. fxe5 Bd5 32. h3 h5 33. Rhf1 Qg6+
34. Kh2 Bb4 35. Rc8+ Kh7 36. Qe2 d3 37. Qf2 d2 38. g4 Rxb2 39. Rd1 Rc2 40. Rb8
Rc1 41. gxh5 Qg2+ 0-1

[Event "Memories of Fischer"]
[Site "Edmonton CAN"]
[Date "1996.06.20"]
[Round "5"]
[White "Quiring, John"]
[Black "Ottosen, David"]
[Result "1/2-1/2"]
[WhiteElo "2021"]
[BlackElo "1927"]
[PlyCount "71"]
[EventDate "1996.05.23"]
[EventType "swiss"]
[EventRounds "5"]
[EventCountry "CAN"]

1. e4 Nf6 2. Nc3 e5 3. Nf3 d6 4. h3 g6 5. d4 exd4 6. Nxd4 Bg7 7. Bg5 O-O 8. Bd3
Nbd7 9. Qd2 Nc5 10. f3 h6 11. Bxh6 Nfxe4 12. Bxe4 Qh4+ 13. Qf2 Qxh6 14. O-O c6
15. Rad1 d5 16. Bd3 Ne6 17. Nce2 Nf4 18. Nxf4 Qxf4 19. Ne2 Qa4 20. Qg3 Bxb2 21.
c3 Bxc3 22. Bxg6 fxg6 23. Nxc3 Qc2 24. Ne4 Bf5 25. Ng5 Qc5+ 26. Kh1 Qe7 27. Qh4
Rae8 28. Rde1 Qg7 29. g4 Bd3 30. Rxe8 Rxe8 31. Re1 Re2 32. Ne6 Rxe1+ 33. Qxe1
Qb2 34. Nf4 Qb1 35. Nxd3 Qxd3 36. Qe8+ 1/2-1/2

[Event "Metro Toronto op"]
[Site "Toronto CAN"]
[Date "1996.04.05"]
[Round "1"]
[White "Kopinch, Miro"]
[Black "Veltmann, Alfred"]
[Result "0-1"]
[WhiteElo "1710"]
[BlackElo "1979"]
[PlyCount "92"]
[EventDate "1996.04.05"]
[EventType "swiss"]
[EventRounds "6"]
[EventCountry "CAN"]

1. e4 e5 2. Nf3 Nc6 3. Bb5 a6 4. Ba4 Nf6 5. Nc3 Be7 6. a3 b5 7. Bb3 d6 8. d4
Bg4 9. d5 Nd4 10. Be3 Nxf3+ 11. gxf3 Bh5 12. Rg1 Qd7 13. Rg3 Bg6 14. Qe2 Nh5
15. Rg2 Qh3 16. Kf1 h6 17. Kg1 Bg5 18. Nb1 Nf4 19. Bxf4 Bxf4 20. Nd2 Bh5 21.
Qd3 g5 22. c4 Rb8 23. cxb5 axb5 24. Bd1 Ke7 25. Rc1 Rhc8 26. Rc3 f6 27. Nf1 Qd7
28. Ng3 Bg6 29. Ne2 b4 30. axb4 Rxb4 31. b3 Be8 32. Qc2 Kd8 33. Rc4 Qb5 34.
Nxf4 exf4 35. Qc3 Rxc4 36. bxc4 Qb1 37. Qxf6+ Kd7 38. Qd4 Bh5 39. Qg7+ Ke8 40.
Qg8+ Ke7 41. Qg7+ Bf7 42. Qd4 Ra8 43. Kf1 Ra1 44. Ke1 Bh5 45. Qg7+ Kd8 46. Qh8+
Kd7 0-1

[Event "Metro Toronto op"]
[Site "Toronto CAN"]
[Date "1996.04.06"]
[Round "2"]
[White "Veltmann, Alfred"]
[Black "Kasimov, Nechemia"]
[Result "0-1"]
[WhiteElo "1979"]
[BlackElo "1851"]
[Annotator ",Hugh"]
[PlyCount "68"]
[EventDate "1996.04.05"]
[EventType "swiss"]
[EventRounds "6"]
[EventCountry "CAN"]

1. e4 Nf6 2. e5 Nd5 3. d4 d6 4. Nf3 Bg4 5. Be2 c6 6. c4 Nb6 7. b3 Bxf3 8. Bxf3
dxe5 9. dxe5 Qxd1+ 10. Bxd1 N8d7 11. f4 e6 12. Be3 Bc5 13. Kf2 Ke7 14. Nc3 a5
15. a4 Bxe3+ 16. Kxe3 Nc5 17. Bc2 Rad8 18. Rad1 h6 19. h4 f6 20. exf6+ gxf6 21.
Rxd8 Rxd8 22. Rd1 Rg8 23. Kf3 Nbd7 24. g4 Na6 25. Rd2 Ndc5 26. Ne4 Nxe4 27.
Bxe4 Nc5 28. Bc2 e5 29. Re2 Ne6 30. Rd2 Nxf4 31. Bf5 Rd8 32. Rxd8 Kxd8 33. h5
b6 34. Ke4 Ke7 {etc.} 0-1

[Event "Metro Toronto op"]
[Site "Toronto CAN"]
[Date "1996.04.06"]
[Round "3"]
[White "Sabau, Ioan"]
[Black "Veltmann, Alfred"]
[Result "0-1"]
[WhiteElo "1847"]
[BlackElo "1979"]
[Annotator ",Hugh"]
[PlyCount "60"]
[EventDate "1996.04.05"]
[EventType "swiss"]
[EventRounds "6"]
[EventCountry "CAN"]

1. e4 e5 2. Nf3 Nc6 3. Bb5 a6 4. Ba4 Nf6 5. O-O Be7 6. Re1 b5 7. Bb3 O-O 8. c3
d6 9. h3 Na5 10. Bc2 c5 11. d4 Qc7 12. Nbd2 Bd7 13. Nf1 cxd4 14. cxd4 Rac8 15.
dxe5 dxe5 16. Ne3 Rfd8 17. Bd2 Nc4 18. Nxc4 bxc4 19. Qe2 Ne8 20. Be3 f6 21.
Red1 Be6 22. Nh4 Nd6 23. a4 a5 24. Rd2 Nb7 25. Rad1 Rxd2 26. Bxd2 Bb4 27. Nf5
Rd8 28. Ne3 Qc5 29. Be1 Rxd1 30. Qxd1 Kf7 {etc.} 0-1

[Event "Metro Toronto op"]
[Site "Toronto CAN"]
[Date "1996.04.07"]
[Round "6"]
[White "Veltmann, Alfred"]
[Black "Balcita, Godofredo"]
[Result "1-0"]
[WhiteElo "1979"]
[BlackElo "1760"]
[PlyCount "93"]
[EventDate "1996.04.05"]
[EventType "swiss"]
[EventRounds "6"]
[EventCountry "CAN"]

1. e4 e5 2. Nf3 Nc6 3. Bb5 d6 4. h3 Bd7 5. c3 a6 6. Ba4 b5 7. Bc2 Nf6 8. O-O
Be7 9. Re1 O-O 10. d4 Rc8 11. Nbd2 Re8 12. Nf1 exd4 13. cxd4 Nb4 14. Bb1 c5 15.
e5 Nfd5 16. a3 Qa5 17. Bd2 cxd4 18. axb4 Qb6 19. exd6 Bxd6 20. Rxe8+ Rxe8 21.
Ba2 Bc6 22. Bxd5 Bxd5 23. N1h2 d3 24. Bc3 Re2 25. Bd4 Bxh2+ 26. Kxh2 Qd6+ 27.
Be5 Rxe5 28. Nxe5 Qxe5+ 29. Kg1 Qe4 30. f3 Qe3+ 31. Kf1 Bc4 32. b3 Bd5 33. Qe1
Qe2+ 34. Qxe2 dxe2+ 35. Kxe2 Bxb3 36. Rxa6 f6 37. Ra7 h6 38. h4 h5 39. g4 hxg4
40. fxg4 Kh7 41. Ke3 Kg6 42. Kf4 Bc2 43. Rc7 Bd3 44. Ke3 Bc4 45. Rxc4 bxc4 46.
b5 c3 47. Kd3 1-0

[Event "Mississauga active"]
[Site "Mississauga CAN"]
[Date "1996.04.28"]
[Round "1"]
[White "Hollo, Peter"]
[Black "Veltmann, Martin"]
[Result "0-1"]
[WhiteElo "1725"]
[BlackElo "2195"]
[PlyCount "58"]
[EventDate "1996.04.28"]
[EventType "swiss (rapid)"]
[EventRounds "6"]
[EventCountry "CAN"]

1. Nf3 c5 2. c4 Nc6 3. g3 e6 4. Bg2 d5 5. cxd5 exd5 6. d4 Nf6 7. O-O Be7 8. h3
O-O 9. Kh2 Be6 10. Nc3 h6 11. a3 Rc8 12. Be3 c4 13. Qd2 Re8 14. Rad1 Bf8 15.
Ng1 a6 16. f4 Bf5 17. Nf3 Ne4 18. Ne5 Nxd2 19. Rxd2 f6 20. Nxc6 bxc6 21. Bg1
Rb8 22. Re1 Qa5 23. e4 dxe4 24. Rde2 h5 25. Nxe4 Bxe4 26. Bxe4 Kh8 27. Bxc6
Qxe1 28. Rxe1 Rxb2+ 29. Kh1 Rxe1 0-1